100 Meilleurs Footballeurs Masculins 2023 - Statistiques

Statistiques générales
  • Ce quiz a été pris 3 282 fois
  • Le résultat moyen est 36 sur 100
Statistiques - réponses
# Club Joueur % Correct
3. Paris Saint-Germain Kylian Mbappé
97%
1. Manchester City Erling Haaland
95%
10. Inter Miami Lionel Messi
93%
6. Real Madrid Vinícius Júnior
88%
27. Al-Nassr Cristiano Ronaldo
87%
7. Liverpool Mohamed Salah
83%
4. Bayern Munich Harry Kane
78%
15. Atlético Madrid Antoine Griezmann
75%
5. Manchester City Rodri
74%
36. Al-Ittihad Karim Benzema
72%
8. Manchester City Kevin De Bruyne
72%
2. Real Madrid Jude Bellingham
71%
17. Barcelone Robert Lewandowski
67%
13. Inter Lautaro Martínez
63%
25. Real Madrid Luka Modric
60%
24. Tottenham Hotspur Son Heung-min
60%
46. Aston Villa Emiliano Martínez
59%
14. Arsenal Bukayo Saka
58%
32. Barcelone Pedri
57%
39. Real Madrid Thibaut Courtois
57%
11. Manchester City Bernardo Silva
55%
41. Manchester City Phil Foden
54%
9. Napoli Victor Osimhen
54%
33. Real Madrid Rodrygo
52%
23. Manchester City Ederson
51%
70. Real Madrid Toni Kroos
50%
28. Barcelone Gavi
46%
21. Manchester City Rúben Dias
45%
51. Bayern Munich Joshua Kimmich
44%
44. Liverpool Virgil van Dijk
44%
18. Arsenal Martin Ødegaard
43%
38. Bayern Munich Leroy Sané
42%
40. Arsenal William Saliba
42%
48. Bayer Leverkusen Florian Wirtz
39%
49. Manchester City Jack Grealish
38%
20. Bayern Munich Jamal Musiala
38%
30. Milan Rafael Leão
38%
47. Paris Saint-Germain Achraf Hakimi
37%
91. Real Madrid Antonio Rüdiger
37%
45. Manchester City Kyle Walker
37%
35. Liverpool Alisson
36%
34. Barcelone Marc-André ter Stegen
36%
80. Roma Romelu Lukaku
35%
86. Real Madrid Aurélien Tchouaméni
34%
43. Real Madrid Eduardo Camavinga
34%
12. Napoli Khvicha Kvaratskhelia
34%
100. Inter Marcus Thuram
34%
50. Milan Olivier Giroud
34%
16. Barcelone Ilkay Gündogan
33%
19. Manchester City Julián Álvarez
33%
95. Milan Theo Hernández
33%
42. Manchester United Bruno Fernandes
32%
22. Arsenal Declan Rice
31%
31. Real Madrid Federico Valverde
31%
69. Barcelone Frenkie de Jong
31%
85. Arsenal Gabriel Jesus
29%
53. Arsenal Gabriel Martinelli
29%
68. Liverpool Luis Díaz
29%
57. Liverpool Trent Alexander-Arnold
29%
87. Newcastle Alexander Isak
28%
84. Milan Mike Maignan
27%
29. Inter Nicolò Barella
26%
56. Barcelone Ronald Araújo
26%
26. Manchester City John Stones
25%
78. Liverpool Darwin Núñez
24%
92. Al-Ahli Riyad Mahrez
24%
67. Manchester United Marcus Rashford
23%
81. Real Madrid David Alaba
21%
66. RB Leipzig Xavi Simons
21%
96. Bayern Munich Alphonso Davies
20%
54. Manchester City Josko Gvardiol
20%
76. Paris Saint-Germain Randal Kolo Muani
20%
83. Benfica Ángel Di María
19%
74. Bayer Leverkusen Álex Grimaldo
18%
59. Liverpool Alexis Mac Allister
17%
79. Inter Alessandro Bastoni
16%
93. Bayer Leverkusen Granit Xhaka
16%
89. Atlético Madrid Jan Oblak
16%
62. Manchester United André Onana
15%
82. Chelsea Enzo Fernández
15%
60. Newcastle Bruno Guimarães
14%
61. Inter Federico Dimarco
14%
71. Brighton Kaoru Mitoma
14%
72. Stuttgart Serhou Guirassy
14%
90. RB Leipzig Loïs Openda
13%
98. Aston Villa Ollie Watkins
13%
64. Bayer Leverkusen Victor Boniface
13%
55. Inter Hakan Çalhanoğlu
12%
73. Atlético Madrid Álvaro Morata
11%
77. Tottenham Hotspur James Maddison
10%
99. Paris Saint-Germain Warren Zaïre-Emery
10%
97. Inter Denzel Dumfries
8%
37. Bayern Munich Kim Min-jae
8%
88. Tottenham Hotspur Cristian Romero
7%
52. Liverpool Dominik Szoboszlai
7%
63. Newcastle Kieran Trippier
7%
58. Al-Hilal Yassine Bounou
7%
94. Al-Nassr Marcelo Brozovic
6%
75. Feyenoord Santiago Giménez
6%
65. Fluminense Germán Cano
1%
Aucun quiz correspondant
Distribution des résultats
% des personnes avec chaque résultat
Percentile par nombre de réponses
Votre historique - résultats
Vous n’avez pas pris ce quiz